00464nam a2200157 a 45000010005000000030009000050080041000140400028000550820019000831000031001022450065001332600043001983000010002414900026002516500029002777021CO-ViMGA141112s2004 ck r 000 u spa d aCO-ViMGAbspacCO-ViMGA04aR343.093 C656t1 aColombia. Leyes Decretos, 10aCódigo nacional de tránsito terrestre / cMotta Ricardo  aSantafé de Bogotá : bEcoe, c1995 a379 p aLas leyes de colombia14aTRANSPORTE - LEGISLACION